000 00205 a2200097 4500
001 49436
100 _aDexter
245 _aWorld in Eclipse
260 _aLondon
_bPeter Owen Ltd
_c
090 _c31971
_d31971
942 _aNUST-CAE
_cM
_c24415
999 _c284509
_d284509